La polémica Lebniz-Clarke /

Guardado en:
Detalles Bibliográficos
Autor principal: Rada García, Eloy (ed. y tr.)
Formato: Libro
Idioma:Español
Publicado: Madrid, España : Taurus, 1980, c1980
Colección:(Ensayistas ; 178)
Temas:
Etiquetas: Agrega una etiqueta
Sin etiquetas, Sé el primero en etiquetar este registro!

MARC

LEADER 00000nam^a2200000^a^4500
001 000172658
005 20250521000000.0
009 20260310101426.191
020 |a 84-306-1178-9 
037 |a Acervo ITESO - Biblioteca 
041 |a ESP 
082 |a 149. 7  |b RAD 
100 |a Rada García, Eloy  |e (ed. y tr.) 
245 1 3 |a La polémica Lebniz-Clarke /  |c Ed. y tr. por E. Rada García. 
264 4 |a Madrid, España :  |b Taurus,  |c 1980, c1980 
300 |a 174 p. 
336 |a texto  |b txt  |2 rdacontenido 
337 |a sin mediación  |b n  |2 rdamedio 
338 |a volumen  |b nc  |2 rdasoporte 
440 1 |a (Ensayistas ;  |v 178) 
500 |a Traducción de: A Collection of Papers wich Passed between the Late Learned Mr. Leibnitz and Dr. Clarke in the Years 1715 and 1716 Relating to the Principles of Natural Philosophy and Religion 
649 |a XX 
650 |a Filósofos Alemanes 
650 |a Filósofos Ingleses 
650 |a Filosofía de la Naturaleza 
650 |a Epistemología 
650 |a Metafísica 
650 |a Filosofía y Religión 
650 |a Racionalismo 
650 |a Filosofía Moderna 
650 |a Filosofía Alemana 
650 |a Filosofía Inglesa 
650 |a Leibniz, Gottfried Wilhelm 
650 |a Clarke, Samuel 
910 |a Fondo Armando Suárez Gómez 
920 |a Impresos - Libros 
930 |a Fondos Especiales 
905 |a 111 
901 |a 0700000184  |b IT2  |c ESP  |u 20250521 
902 |a https://opac.biblio.iteso.mx/vufind/Record/000172658